| 000 | 00940nam a2200217 i 4500 | ||
|---|---|---|---|
| 001 | 160833 | ||
| 003 | ES-MaACL | ||
| 005 | 20231228063239.0 | ||
| 008 | 931025s1865 sp |||| | spa d | ||
| 080 | _a94(729.3)"1861/65" | ||
| 100 | 1 |
_aNúñez de Arce, Gaspar, _d1834-1903 _9223411 |
|
| 245 | 1 | 0 |
_aSanto Domingo / _cpor D. Gaspar Núñez de Arce. |
| 260 |
_aMadrid : _b[s.n.], _c1865 ( _fImp. de Manuel Minuesa) |
||
| 300 |
_a160 p. ; _c21 cm. |
||
| 530 | _aDisponible en formato digital. | ||
| 651 | 4 |
_aRepública Dominicana- _xHistoria- _y1861-1865, Reincorporación a España. _9144173 |
|
| 852 | 4 |
_aES-MaACL _jT-71-F-10 _z- Enc. hol., falto de cub. original _z- Enc. en un vol. facticio |
|
| 852 | 4 |
_aES-MaACL _jT-79-F-1 _z- Enc. hol., falto de cub. original _z- Enc. en un vol. facticio |
|
| 856 | 4 |
_uhttp://bdh-rd.bne.es/viewer.vm?id=0000077874&page=1 _zBiblioteca Digital Hispánica |
|
| 999 |
_c160833 _d160833 |
||